| 000 | 00753nam a2200205 i 4500 | ||
|---|---|---|---|
| 001 | 48493 | ||
| 003 | ES-MaACL | ||
| 005 | 20230906161748.0 | ||
| 007 | t| | ||
| 008 | 950922s1878 sp ||||1| spa d | ||
| 040 |
_aCAM _bspa _cCAM |
||
| 100 | 1 |
_aEscosura y Coronel, Luis de la. _947618 |
|
| 245 | 1 | 3 |
_aLa phyloxera _b: descripción, vida y costumbres / _cedición con grabados por Luis de la Escosura y Coronel y Victoriano Deleito y Butragueño. |
| 260 |
_aMadrid : _b[s.n.], _c1878 ( _fEstablecimiento tipográfico de A. Bacaycoa, a cargo de E. Viota) |
||
| 300 |
_a90, [3] p. ; _c18 cm. |
||
| 650 | 4 |
_aFiloxera. _9136118 |
|
| 700 | 1 |
_aDeleito y Butragueño, Victoriano. _943364 |
|
| 852 |
_aES-MaACL _jT-343-F-10 |
||
| 852 |
_aES-MaACL _jT-349-F-2 |
||
| 999 |
_c48493 _d48493 |
||